| 000 | 00463nam a2200169Ia 4500 | ||
|---|---|---|---|
| 003 | GCL | ||
| 008 | 140319s9999 xx 000 0 eng d | ||
| 040 |
_aGCL / _cGCL |
||
| 082 | 0 | 4 |
_a739.27 _bE J |
| 100 | 1 | _aDORMER, PETER | |
| 245 | 1 | 0 |
_aJEWELRY OF OUR TIME : ART, ORNAMENT AND OBSESSION / _cDORMER, PETER |
| 700 | 1 | _aENGLISH, HELAN W. DRUTT | |
| 260 |
_a[S.N] : _bTHAMES AND HUDSON ، _c1995 |
||
| 300 | _a352 | ||
| 650 | 0 | 4 | _aMODERN JEWELRY |
| 942 |
_2ddc _cBK |
||
| 999 |
_c10368 _d10368 |
||